000 02768nam0a2200445 4500
001 RU\NLR\BIBL_A\012615846
005 20220318122258.0
010 _a978-5-00089-446-0
_9500
021 _aRU
_bКН-П-21-040402
_9КН-П-21-3162
035 _a(NLR Aleph) 012615846
090 _a12623871
_c12623871
100 _a20211011d2020 k y0rusy50 ca
101 0 _arus
_ichi
102 _aRU
105 _ay|||z|||000zy
181 0 _ai
_baxxe
182 0 _an
200 1 _a"Нежданный, как цветок над бездной, очаг семейный и уют...": семейный дискурс русской и мировой литературы
_eколлективная монография
_f[Елена Михайловна Болдырева, Александр Викторович Бородкин, Наталия Юрьевна Букарева и др.]
_gпод науч. ред. Е.М. Болдыревой
_gМинистерство просвещения Российской Федерации, ФГБОУ ВО "Ярославский государственный педагогический университет им. К. Д. Ушинского", Юго-Западный университет КНР, Центр по изучению русскоговорящих стран (ЦИРС) ЮЗУ при Министерстве образования КНР
203 _aТекст
_bвизуальный
_cнепосредственный
210 _aЯрославль
_cРИО ЯГПУ
_d2020
215 _a271, [1] с.
_d21
225 1 _aРоссия и Китай: научное сотрудничество
300 _aАвт. указаны на концевой тит. с.
320 _aБиблиогр.: с. 249-267 (226 назв.)
606 1 _aСемья
_xв литературе русской
_2nlr_sh2
_3RU\NLR\AUTH\6601595294
606 1 _aСемья
_xв литературе зарубежной
_2nlr_sh2
_3RU\NLR\AUTH\6601699762
686 1 _aШ5(2=Р)-34
686 1 _aШ5(0)-34
700 1 _aБолдырева
_bЕ. М.
_gЕлена Михайловна
701 1 _aБородкин
_bА. В.
_gАлександр Викторович
701 1 _aБукарева
_bН. Ю.
_gНаталия Юрьевна
712 0 2 _aЯрославский государственный педагогический университет им. К. Д. Ушинского
_3RU\NLR\AUTH\8815514
_4475
712 0 2 _aЮго-Западный университет КНР
_cСычуань
_3RU\NLR\AUTH\880511218
_4570
942 _cBOOK
980 _aNBR
980 _aNB